000 00288nam a22001337a 4500
008 170320b xxu||||| |||| 00| 0 eng d
020 _a086542411X
041 _aeng
080 _a616.8
100 _a7
101 _aSHM
245 _aCLINICAL NEUROIMMUNOLOGY
_cANTEL. J
942 _2udc
_cBK
999 _c8085
_d8085